| 000 | 00926nam a2200301 i 4500 | ||
|---|---|---|---|
| 999 |
_c30191 _d30191 |
||
| 001 | 30191 | ||
| 003 | Mx-PuUPA | ||
| 005 | 20191008155507.0 | ||
| 008 | 140415s2009 mx fr 001 0 spa d | ||
| 020 | _a9789700774947 | ||
| 040 |
_aMx-PuUPA _bspa _cMx-PuUPA _dMx-PuUPA _erda |
||
| 041 | 0 | _aspa | |
| 100 | 1 |
_aCisneros Farías, Germán, _99789 _eautor |
|
| 245 | 1 | 0 |
_aLógica jurídica / _cGermán Cisneros Farías. |
| 250 | _aQuinta edición | ||
| 264 | 3 | 1 |
_aCiudad de México : _bPorrua, _c2008 |
| 300 |
_axiii, 155 páginas ; _c21 cm. |
||
| 336 |
_2rdacontent _atexto _btxt |
||
| 337 |
_2rdamedia _asin medio _bn |
||
| 338 |
_2rdacarrier _avolumen _bnc |
||
| 545 | _aSexta reimpresión : ©2018 | ||
| 650 | 1 | 4 |
_aDerecho _xInterpretación constitucional |
| 650 | 1 | 4 |
_aDerecho _xFilosofía |
| 650 | 1 | 4 | _aJurisprudencia |
| 942 |
_2ddc _cLI _h340.1 _iC579 |
||